Memoria sobre el estado de la instrucción en esta Universidad y establecimientos de enseñanza de su distrito : (Record no. 48515)
[ view plain ]
| 000 -LEADER | |
|---|---|
| campo de control de longitud fija | 00904nam a2200193 i 4500 |
| 001 - NÚMERO DE CONTROL | |
| campo de control | 48515 |
| 003 - IDENTIFICADOR DE NÚMERO DE CONTROL | |
| campo de control | ES-MaACL |
| 005 - FECHA Y HORA DE LA ÚLTIMA TRANSACCIÓN | |
| campo de control | 20230906161751.0 |
| 007 - CAMPO FIJO DE DESCRIPCIÓN FÍSICA--INFORMACIÓN GENERAL | |
| campo de control de longitud fija | t| |
| 008 - DATOS DE LONGITUD FIJA--INFORMACIÓN GENERAL | |
| campo de control de longitud fija | 150415s1893 sp ||||1| spa | |
| 110 2# - ENTRADA PRINCIPAL--NOMBRE DE ENTIDAD CORPORATIVA | |
| Nombre de entidad corporativa o nombre de jurisdicción como elemento de entrada | Universidad Literaria de Salamanca. |
| 9 (RLIN) | 7390 |
| 245 10 - MENCIÓN DEL TÍTULO | |
| Título | Memoria sobre el estado de la instrucción en esta Universidad y establecimientos de enseñanza de su distrito : |
| Resto del título | correspondiente al curso académico de 1892 a 1893 ; Anuario para el de 1893 a 1894 ; Variedades. |
| 260 ## - PUBLICACIÓN, DISTRIBUCIÓN, ETC. | |
| Lugar de publicación, distribución, etc. | Salamanca : |
| Nombre del editor, distribuidor, etc. | Universidad Literaria de Salamanca, |
| Fecha de publicación, distribución, etc. | 1893 ( |
| Fabricante | Estab. Tip. de Francisco Núñez) |
| 300 ## - DESCRIPCIÓN FÍSICA | |
| Extensión | 135 p. ; |
| Dimensiones | 31 cm. |
| 530 ## - NOTA DISPONIBLE DE FORMULARIO FÍSICO ADICIONAL | |
| Nota de formato físico adicional disponible | Disponible en formato digital. |
| 610 24 - PUNTO DE ACCESO ADICIONAL DE MATERIA--NOMBRE DE ENTIDAD CORPORATIVA | |
| Nombre de entidad corporativa o nombre de jurisdicción como elemento de entrada | Universidad Literaria de Salamanca- |
| Subdivisión de forma | Memorias. |
| 9 (RLIN) | 155720 |
| 852 ## - LOCALIZACIÓN | |
| Ubicación | ES-MaACL |
| Número de control de estantería | T-774-F-1 |
| 856 ## - LOCALIZACIÓN Y ACCESO ELECTRÓNICOS | |
| Identificador Uniforme de Recursos | <a href="http://bibliotecadigital.jcyl.es/es/consulta/registro.do?id=10000129222">http://bibliotecadigital.jcyl.es/es/consulta/registro.do?id=10000129222</a> |
| Nota pública | Biblioteca Digital de Castilla y León |
| Estatus retirado | Estado de pérdida | Estado de daño | No para préstamo | Colección | Biblioteca de origen | Biblioteca actual | Ubicación en estantería | Fecha de adquisición | Fuente de adquisición | Total de préstamos | Signatura topográfica completa | Código de barras | Visto por última vez | Precio de reemplazo | Tipo de ítem Koha |
|---|---|---|---|---|---|---|---|---|---|---|---|---|---|---|---|
| Colección de folletos | Biblioteca del Ateneo de Madrid | Biblioteca del Ateneo de Madrid | Depósito folletos | 15/04/2015 | T-774-F-1 | 1193727 | 23/02/2023 | 23/02/2023 | Folleto |
